000 00662cam a2200217 4500500
005 20260329010155.0
041 _afre
042 _adc
100 1 0 _aKlein, Étienne
_eauthor
245 0 0 _aÉtienne Klein et les univers de Kant
260 _c2024.
500 _a50
690 _aCosmos
690 _aEspace
690 _aÉtienne Klein
690 _aExtraterrestres
690 _aKant
690 _aUnivers
786 0 _nPhilosophie magazine - Hors séries | Hors série - Hiver 2024 | HS60 | 2024-01-01 | p. 44-44 | 2104-9246
856 4 1 _uhttps://shs.cairn.info/magazine-philosophie-magazine-2024-hs60-page-44?lang=fr&redirect-ssocas=7080
999 _c1850112
_d1850112